000 00678nam a22001217a 4500
008 110616t xxu||||| |||| 00| 0 eng d
010 _aCACAF46
245 _aCourt of Appeal Criminal Appeal No. 56 OF 2000 Janet Mureeba and 2 others Vs Uganda
260 _c2000
500 _aCoram: Hon. Lady Justice A.E.N. Mpagi-Bahigeine, JA Hon. Mr. Justice S.G. Engwau, JA Hon. Lady Justice C.N.B. Kitumba, JA
500 _aAn Appeal from both the convictions and sentences of the High Court at Kampala Kania J., dated 4.8.2000 in Criminal Session Case No. 511 of 1999
999 _c3078
_d3078